[Event "Stay Safe Play From Home 129"]
[Site "T#645801Emanuel Laske"]
[Date "2020.05.07"]
[Round "2"]
[White "CastlingArrocco"]
[Black "Chessencounter"]
[Result "1-0"]
[WhiteElo "2043"]
[BlackElo "2105"]
[Annotator "NA"]
[PlyCount "117"]
[EventDate "2020.05.07"]
[EventType "swiss (blitz)"]

1. Nc3 {[%emt 0:00:01]} d5 {[%emt 0:00:01]} 2. e4 {[%emt 0:00:01]} d4 {[%emt 0:00:01]} 3. Nce2 {[%emt 0:00:01]} c5 {[%emt 0:00:01]} 4. Ng3 {[%emt 0:00:00]} Nc6 {[%emt 0:00:00]} 5. Nf3 {[%emt 0:00:00]} e5 {[%emt 0:00:00]} 6. Bc4 {[%emt 0:00:01]} Be6 {[%emt 0:00:01]} 7. Bxe6 {[%emt 0:00:01]} fxe6 {[%emt 0:00:00]} 8. d3 {[%emt 0:00:00]} Nf6 {[%emt 0:00:01]} 9. O-O {[%emt 0:00:00]} Be7 {[%emt 0:00:01]} 10. Qe2 {[%emt 0:00:01]} Qd6 {[%emt 0:00:01]} 11. h3 {[%emt 0:00:01]} O-O-O {[%emt 0:00:01]} 12. Nh2 {[%emt 0:00:01]} Rdf8 {[%emt 0:00:01]} 13. f4 {[%emt 0:00:01]} exf4 {[%emt 0:00:01]} 14. Bxf4 {[%emt 0:00:00]} e5 {[%emt 0:00:00]} 15. Bg5 {[%emt 0:00:01]} h6 {[%emt 0:00:01]} 16. Nf5 {[%emt 0:00:01]} Qc7 {[%emt 0:00:02]} 17. Nxe7+ {[%emt 0:00:01]} Qxe7 {[%emt 0:00:00]} 18. Bxf6 {[%emt 0:00:01]} Rxf6 {[%emt 0:00:01]} 19. Ng4 {[%emt 0:00:00]} Rf4 {[%emt 0:00:02]} 20. Rxf4 {[%emt 0:00:01]} exf4 {[%emt 0:00:00]} 21. e5 {[%emt 0:00:03]} h5 {[%emt 0:00:01]} 22. Nf2 {[%emt 0:00:02]} Qxe5 {[%emt 0:00:01]} 23. Qf3 {[%emt 0:00:01]} Qe3 {[%emt 0:00:01]} 24. Qd5 {[%emt 0:00:04]} Rd8 {[%emt 0:00:01]} 25. Qxc5 {[%emt 0:00:01]} f3 {[%emt 0:00:05]} 26. Qf5+ {[%emt 0:00:02]} Kb8 {[%emt 0:00:01]} 27. Qxf3 {[%emt 0:00:01]} Qxf3 {[%emt 0:00:01]} 28. gxf3 {[%emt 0:00:00]} Ne5 {[%emt 0:00:00]} 29. Kg2 {[%emt 0:00:02]} g5 {[%emt 0:00:02]} 30. Ne4 {[%emt 0:00:01]} Rg8 {[%emt 0:00:03]} 31. Re1 {[%emt 0:00:01]} Ng6 {[%emt 0:00:01]} 32. Nf6 {[%emt 0:00:01]} Rf8 {[%emt 0:00:02]} 33. Nd7+ {[%emt 0:00:01]} Kc7 {[%emt 0:00:01]} 34. Nxf8 {[%emt 0:00:00]} Nxf8 {[%emt 0:00:00]} 35. Re5 {[%emt 0:00:01]} Ng6 {[%emt 0:00:01]} 36. Rxg5 {[%emt 0:00:01]} Nf4+ {[%emt 0:00:00]} 37. Kg3 {[%emt 0:00:01]} Ne2+ {[%emt 0:00:01]} 38. Kh4 {[%emt 0:00:02]} Ng1 {[%emt 0:00:00]} 39. Rxh5 {[%emt 0:00:02]} Nxf3+ {[%emt 0:00:01]} 40. Kg4 {[%emt 0:00:03]} Ne1 {[%emt 0:00:01]} 41. h4 {[%emt 0:00:00]} Nxc2 {[%emt 0:00:01]} 42. Rf5 {[%emt 0:00:01]} Ne3+ {[%emt 0:00:00]} 43. Kg5 {[%emt 0:00:01]} b5 {[%emt 0:00:03]} 44. h5 {[%emt 0:00:01]} b4 {[%emt 0:00:00]} 45. h6 {[%emt 0:00:01]} Nxf5 {[%emt 0:00:00]} 46. Kxf5 {[%emt 0:00:01]} b3 {[%emt 0:00:01]} 47. a3 {[%emt 0:00:01]} Kb6 {[%emt 0:00:00]} 48. h7 {[%emt 0:00:01]} Kb5 {[%emt 0:00:00]} 49. h8=Q {[%emt 0:00:01]} a5 {[%emt 0:00:00]} 50. Qxd4 {[%emt 0:00:01]} a4 {[%emt 0:00:01]} 51. Qc4+ {[%emt 0:00:01]} Kb6 {[%emt 0:00:01]} 52. d4 {[%emt 0:00:01]} Ka5 {[%emt 0:00:00]} 53. d5 {[%emt 0:00:01]} Kb6 {[%emt 0:00:00]} 54. d6 {[%emt 0:00:00]} Ka5 {[%emt 0:00:00]} 55. d7 {[%emt 0:00:01]} Kb6 {[%emt 0:00:00]} 56. d8=Q+ {[%emt 0:00:01]} Kb7 {[%emt 0:00:00]} 57. Qcc7+ {[%emt 0:00:02]} Ka6 {[%emt 0:00:01]} 58. Qdd6+ {[%emt 0:00:00]} Kb5 {[%emt 0:00:01]} 59. Qcc5# {[%emt 0:00:00] (Lag: Av=0.83s, max=1.2s)} 1-0

[Event "Stay Safe Play From Home 129"]
[Site "T#645801Emanuel Laske"]
[Date "2020.05.07"]
[Round "2"]
[White "Haxhi Baha"]
[Black "SoulofWolf"]
[Result "0-1"]
[WhiteElo "2038"]
[BlackElo "2170"]
[Annotator "NA"]
[PlyCount "116"]
[EventDate "2020.05.07"]
[EventType "swiss (blitz)"]

1. e4 {[%emt 0:00:01]} c5 {[%emt 0:00:00]} 2. Nf3 {[%emt 0:00:01]} e6 {[%emt 0:00:00]} 3. d4 {[%emt 0:00:01]} cxd4 {[%emt 0:00:00]} 4. Nxd4 {[%emt 0:00:00]} Nc6 {[%emt 0:00:00]} 5. Nc3 {[%emt 0:00:01]} a6 {[%emt 0:00:00]} 6. Be3 {[%emt 0:00:01]} Bb4 {[%emt 0:00:01]} 7. Bd3 {[%emt 0:00:03]} Nf6 {[%emt 0:00:01]} 8. O-O {[%emt 0:00:02]} O-O {[%emt 0:00:00]} 9. Nce2 {[%emt 0:00:01]} d6 {[%emt 0:00:01]} 10. c3 {[%emt 0:00:01]} Ba5 {[%emt 0:00:01]} 11. f4 {[%emt 0:00:01]} Qe7 {[%emt 0:00:02]} 12. h3 {[%emt 0:00:01]} Rd8 {[%emt 0:00:02]} 13. g4 {[%emt 0:00:02]} Ne8 {[%emt 0:00:01]} 14. Ng3 {[%emt 0:00:01]} g6 {[%emt 0:00:01]} 15. Nf3 {[%emt 0:00:03]} f5 {[%emt 0:00:02]} 16. gxf5 {[%emt 0:00:01]} exf5 {[%emt 0:00:00]} 17. Qc2 {[%emt 0:00:03]} Ng7 {[%emt 0:00:02]} 18. Rae1 {[%emt 0:00:04]} Qf8 {[%emt 0:00:00]} 19. exf5 {[%emt 0:00:02]} Nxf5 {[%emt 0:00:01]} 20. Nxf5 {[%emt 0:00:01]} Bxf5 {[%emt 0:00:00]} 21. Bxf5 {[%emt 0:00:01]} Qxf5 {[%emt 0:00:00]} 22. Qxf5 {[%emt 0:00:01]} gxf5 {[%emt 0:00:00]} 23. Nh4 {[%emt 0:00:01]} Rf8 {[%emt 0:00:01]} 24. Kf2 {[%emt 0:00:02]} Ne7 {[%emt 0:00:11]} 25. Rg1+ {[%emt 0:00:01]} Kf7 {[%emt 0:00:00]} 26. Rg5 {[%emt 0:00:04]} Ng6 {[%emt 0:00:00]} 27. Rxf5+ {[%emt 0:00:02]} Kg7 {[%emt 0:00:01]} 28. Rxf8 {[%emt 0:00:04]} Rxf8 {[%emt 0:00:01]} 29. Nxg6 {[%emt 0:00:01]} hxg6 {[%emt 0:00:01]} 30. Rd1 {[%emt 0:00:03]} Bc7 {[%emt 0:00:02]} 31. Kf3 {[%emt 0:00:01]} Rf7 {[%emt 0:00:02]} 32. h4 {[%emt 0:00:01]} Kf8 {[%emt 0:00:02]} 33. Rd5 {[%emt 0:00:01]} Rh7 {[%emt 0:00:01]} 34. Kg4 {[%emt 0:00:01]} Kf7 {[%emt 0:00:01]} 35. f5 {[%emt 0:00:01]} gxf5+ {[%emt 0:00:01]} 36. Rxf5+ {[%emt 0:00:00]} Ke6 {[%emt 0:00:00]} 37. Rh5 {[%emt 0:00:02]} Rg7+ {[%emt 0:00:01]} 38. Rg5 {[%emt 0:00:00]} Rf7 {[%emt 0:00:00]} 39. h5 {[%emt 0:00:00]} Bd8 {[%emt 0:00:00]} 40. h6 {[%emt 0:00:01]} Bxg5 {[%emt 0:00:01]} 41. Bxg5 {[%emt 0:00:00]} Rh7 {[%emt 0:00:01]} 42. Bf4 {[%emt 0:00:02]} Kd5 {[%emt 0:00:01]} 43. Kg5 {[%emt 0:00:01]} Ke6 {[%emt 0:00:01]} 44. Kg6 {[%emt 0:00:00]} Rd7 {[%emt 0:00:01]} 45. h7 {[%emt 0:00:00]} Rd8 {[%emt 0:00:01]} 46. Bg5 {[%emt 0:00:01]} Re8 {[%emt 0:00:01]} 47. Bf6 {[%emt 0:00:00]} b5 {[%emt 0:00:01]} 48. h8=Q {[%emt 0:00:01]} Rxh8 {[%emt 0:00:01]} 49. Bxh8 {[%emt 0:00:00]} Kd5 {[%emt 0:00:00]} 50. Bd4 {[%emt 0:00:00]} Kc4 {[%emt 0:00:00]} 51. b4 {[%emt 0:00:00]} d5 {[%emt 0:00:00]} 52. Kf5 {[%emt 0:00:01]} Kd3 {[%emt 0:00:00]} 53. Ke5 {[%emt 0:00:00]} Kc4 {[%emt 0:00:00]} 54. Kd6 {[%emt 0:00:01]} Kd3 {[%emt 0:00:00]} 55. Kxd5 {[%emt 0:00:00]} Kc2 {[%emt 0:00:00]} 56. Kc5 {[%emt 0:00:00]} Kb2 {[%emt 0:00:00]} 57. Kb6 {[%emt 0:00:00]} Kxa2 {[%emt 0:00:00]} 58. Kxa6 {[%emt 0:00:00]} Kb3 {[%emt 0:00:00]} 0-1

[Event "Stay Safe Play From Home 129"]
[Site "T#645801Emanuel Laske"]
[Date "2020.05.07"]
[Round "2"]
[White "Mamutones"]
[Black "Edmatuag"]
[Result "1-0"]
[WhiteElo "1869"]
[BlackElo "1600"]
[Annotator "NA"]
[PlyCount "43"]
[EventDate "2020.05.07"]
[EventType "swiss (blitz)"]

1. e4 {[%emt 0:00:01]} d6 {[%emt 0:00:01]} 2. d4 {[%emt 0:00:01]} c5 {[%emt 0:00:01]} 3. Bc4 {[%emt 0:00:01]} b6 {[%emt 0:00:02]} 4. Qf3 {[%emt 0:00:01]} e6 {[%emt 0:00:00]} 5. e5 {[%emt 0:00:01]} d5 {[%emt 0:00:03]} 6. dxc5 {[%emt 0:00:01]} Bb7 {[%emt 0:00:04]} 7. cxb6 {[%emt 0:00:04]} Qxb6 {[%emt 0:00:01]} 8. Bb3 {[%emt 0:00:01]} d4 {[%emt 0:00:05]} 9. Qg3 {[%emt 0:00:02]} Ne7 {[%emt 0:00:02]} 10. Nf3 {[%emt 0:00:01]} Nf5 {[%emt 0:00:02]} 11. Qf4 {[%emt 0:00:01]} Bb4+ {[%emt 0:00:02]} 12. Bd2 {[%emt 0:00:02]} Bxd2+ {[%emt 0:00:02]} 13. Nbxd2 {[%emt 0:00:00]} Nc6 {[%emt 0:00:01]} 14. Nc4 {[%emt 0:00:01]} Qc7 {[%emt 0:00:02]} 15. g4 {[%emt 0:00:02]} Nh6 {[%emt 0:00:06]} 16. Nd6+ {[%emt 0:00:02]} Kf8 {[%emt 0:00:07]} 17. g5 {[%emt 0:00:02]} Nf5 {[%emt 0:00:03]} 18. Nxf5 {[%emt 0:00:02]} exf5 {[%emt 0:00:01]} 19. Qxf5 {[%emt 0:00:00]} Nxe5 {[%emt 0:00:06]} 20. Nxe5 {[%emt 0:00:03]} Re8 {[%emt 0:00:04]} 21. O-O-O {[%emt 0:00:07]} Qxe5 {[%emt 0:00:01]} 22. Qxf7# {[%emt 0:00:02] (Lag: Av=0.69s, max=1.1s)} 1-0

[Event "Stay Safe Play From Home 129"]
[Site "T#645801Emanuel Laske"]
[Date "2020.05.07"]
[Round "2"]
[White "Klausen"]
[Black "Lamborghini"]
[Result "0-1"]
[WhiteElo "1783"]
[BlackElo "2321"]
[Annotator "TA"]
[PlyCount "70"]
[EventDate "2020.05.07"]
[EventType "swiss (blitz)"]

{[%evp 9,70,72,167,49,49,30,45,34,40,36,29,25,47,28,59,32,81,53,40,32,47,19,36,31,32,-6,-20,-8,-22,-12,-13,-141,-136,-150,-153,-156,-148,-158,-157,-150,-115,-144,-159,-152,-97,-101,-94,-163,-58,-51,-55,-69,-70,-70,-54,-58,-2,-3,0,-63,-19,-47,12824]} 1. Nf3 g6 2. d4 Bg7 3. c4 c5 4. Nc3 d6 5. dxc5 Qa5 (5... dxc5 $16 6. Qxd8+ Kxd8) 6. Bd2 {A34: Symmetrical English: 2 Nc3, lines with ...d5.} ({White must play} 6. cxd6 $18 {Black must now prevent Bd2.} Bxc3+ 7. bxc3) 6... Qxc5 7. e3 {[#]} (7. e4 {looks sharper.} Nf6 8. Be2 O-O 9. O-O Nc6 10. Be3) 7... Nf6 $146 ({Predecessor:} 7... Qb6 8. Nd5 Qd8 9. Bc3 e5 10. Be2 Ne7 11. e4 Nxd5 12. cxd5 O-O 13. O-O f5 {0-1 (64) Turhan,F (1297)-Yerli,H (1272) Konya 2018}) 8. Be2 {White is slightly better.} O-O 9. O-O Nc6 10. Rc1 a6 11. b3 Qa7 12. Qc2 Be6 13. Rfd1 Rac8 14. Qb1 Qb8 15. Nd4 Nxd4 16. exd4 d5 {[%cal Rd5c4]} 17. Bg5 (17. c5 {is more complex.} Rcd8 18. h3 Bf5 19. Qb2 e5 20. Be3) 17... dxc4 18. bxc4 Bxc4 19. Bxc4 Rxc4 {[#]} 20. Bxf6 (20. Nd5 $1 $11 {[%mdl 512] was the only way to keep the balance.} b5 (20... Nxd5 21. Rxc4) 21. Nxe7+ Kh8 22. Bxf6 Bxf6 23. Nd5 Bxd4 24. Rxc4 bxc4 25. Qe4) 20... exf6 $17 21. Nd5 Rxc1 22. Qxc1 Qd6 23. Ne3 f5 24. d5 Qd7 25. g3 Rc8 26. Qd2 Bh6 (26... Be5 $142 27. Qe2 Bd6) 27. d6 Rc6 28. Qd5 {[#]} (28. Qd4 $17) 28... Bxe3 ({Black should try} 28... b5 $1 $19 {...Bf8 is the strong threat.} 29. Qd2 Bg7) 29. fxe3 $19 {[%mdl 4096] Endgame KQR-KQR} Rc8 30. e4 fxe4 31. Qxe4 Re8 32. Qd5 Kg7 (32... h5 $15) 33. Qd4+ $11 Kg8 (33... f6 $11) 34. Qd5 $15 Re6 35. Qd4 Qc6 $2 {[%mdl 40960] Quite a comeback for White. Accuracy: White = 63%, Black = 64%. . Loss on time!?} (35... h5 $15) 0-1

[Event "Stay Safe Play From Home 129"]
[Site "T#645801Emanuel Laske"]
[Date "2020.05.07"]
[Round "2"]
[White "Haris kollari 13"]
[Black "Greblha"]
[Result "0-1"]
[WhiteElo "1672"]
[BlackElo "1905"]
[Annotator "NA"]
[PlyCount "76"]
[EventDate "2020.05.07"]
[EventType "swiss (blitz)"]

1. e3 {[%emt 0:00:00]} c6 {[%emt 0:00:01]} 2. f4 {[%emt 0:00:01]} d5 {[%emt 0:00:00]} 3. d4 {[%emt 0:00:01]} g6 {[%emt 0:00:00]} 4. c4 {[%emt 0:00:01]} Bg7 {[%emt 0:00:00]} 5. Nc3 {[%emt 0:00:01]} e6 {[%emt 0:00:01]} 6. c5 {[%emt 0:00:01]} f5 {[%emt 0:00:01]} 7. Nf3 {[%emt 0:00:01]} Nd7 {[%emt 0:00:01]} 8. Bd3 {[%emt 0:00:01]} Ngf6 {[%emt 0:00:01]} 9. Bd2 {[%emt 0:00:01]} O-O {[%emt 0:00:00]} 10. h3 {[%emt 0:00:02]} b6 {[%emt 0:00:01]} 11. Qe2 {[%emt 0:00:01]} bxc5 {[%emt 0:00:01]} 12. dxc5 {[%emt 0:00:02]} Nxc5 {[%emt 0:00:01]} 13. Bc2 {[%emt 0:00:01]} Nfe4 {[%emt 0:00:01]} 14. O-O {[%emt 0:00:02]} Nxd2 {[%emt 0:00:02]} 15. Nxd2 {[%emt 0:00:03]} Ba6 {[%emt 0:00:01]} 16. Qf3 {[%emt 0:00:02]} Bxf1 {[%emt 0:00:02]} 17. Rxf1 {[%emt 0:00:01]} Bxc3 {[%emt 0:00:02]} 18. bxc3 {[%emt 0:00:02]} Ne4 {[%emt 0:00:01]} 19. Bxe4 {[%emt 0:00:10]} fxe4 {[%emt 0:00:02]} 20. Qe2 {[%emt 0:00:01]} Rb8 {[%emt 0:00:02]} 21. Nb3 {[%emt 0:00:01]} Qb6 {[%emt 0:00:01]} 22. Nd4 {[%emt 0:00:01]} Rf6 {[%emt 0:00:01]} 23. g4 {[%emt 0:00:02]} c5 {[%emt 0:00:01]} 24. g5 {[%emt 0:00:01]} cxd4 {[%emt 0:00:01]} 25. gxf6 {[%emt 0:00:02]} dxe3 {[%emt 0:00:01]} 26. h4 {[%emt 0:00:02]} Rf8 {[%emt 0:00:01]} 27. h5 {[%emt 0:00:02]} Rxf6 {[%emt 0:00:01]} 28. hxg6 {[%emt 0:00:01]} Rxg6+ {[%emt 0:00:01]} 29. Kh2 {[%emt 0:00:02]} Kg7 {[%emt 0:00:01]} 30. Re1 {[%emt 0:00:03]} h6 {[%emt 0:00:01]} 31. Qxe3 {[%emt 0:00:01]} Qxe3 {[%emt 0:00:01]} 32. Rxe3 {[%emt 0:00:00]} Kf6 {[%emt 0:00:01]} 33. Re1 {[%emt 0:00:03]} Kf5 {[%emt 0:00:01]} 34. Rb1 {[%emt 0:00:00]} Kxf4 {[%emt 0:00:02]} 35. Rb7 {[%emt 0:00:00]} e3 {[%emt 0:00:00]} 36. Rb1 {[%emt 0:00:03]} e2 {[%emt 0:00:02]} 37. Re1 {[%emt 0:00:01]} Ke3 {[%emt 0:00:01]} 38. c4 {[%emt 0:00:00]} Kf2 {[%emt 0:00:01] Time (Lag: Av=0.38s, max=0.8s)} 0-1

[Event "Stay Safe Play From Home 129"]
[Site "T#645801Emanuel Laske"]
[Date "2020.05.07"]
[Round "2"]
[White "NagaRam"]
[Black "Little champs"]
[Result "0-1"]
[WhiteElo "1494"]
[BlackElo "2172"]
[Annotator "NA"]
[PlyCount "104"]
[EventDate "2020.05.07"]
[EventType "swiss (blitz)"]

1. e4 {[%emt 0:00:02]} e6 {[%emt 0:00:00]} 2. Nf3 {[%emt 0:00:00]} d6 {[%emt 0:00:00]} 3. d4 {[%emt 0:00:02]} Nf6 {[%emt 0:00:00]} 4. Nc3 {[%emt 0:00:01]} Be7 {[%emt 0:00:00]} 5. Bg5 {[%emt 0:00:01]} O-O {[%emt 0:00:01]} 6. Bxf6 {[%emt 0:00:00]} Bxf6 {[%emt 0:00:01]} 7. Be2 {[%emt 0:00:00]} e5 {[%emt 0:00:01]} 8. d5 {[%emt 0:00:02]} c6 {[%emt 0:00:01]} 9. O-O {[%emt 0:00:02]} c5 {[%emt 0:00:01]} 10. a3 {[%emt 0:00:03]} a6 {[%emt 0:00:01]} 11. b4 {[%emt 0:00:01]} g6 {[%emt 0:00:00]} 12. bxc5 {[%emt 0:00:02]} dxc5 {[%emt 0:00:00]} 13. d6 {[%emt 0:00:01]} Nc6 {[%emt 0:00:01]} 14. Nd5 {[%emt 0:00:01]} Be6 {[%emt 0:00:01]} 15. Nxf6+ {[%emt 0:00:02]} Qxf6 {[%emt 0:00:02]} 16. c4 {[%emt 0:00:03]} Rad8 {[%emt 0:00:01]} 17. Rb1 {[%emt 0:00:03]} Rd7 {[%emt 0:00:01]} 18. Rb6 {[%emt 0:00:02]} Rfd8 {[%emt 0:00:02]} 19. Qc2 {[%emt 0:00:03]} Bg4 {[%emt 0:00:02]} 20. h3 {[%emt 0:00:00]} Bxf3 {[%emt 0:00:01]} 21. Bxf3 {[%emt 0:00:00]} Nd4 {[%emt 0:00:01]} 22. Qd2 {[%emt 0:00:07]} Rxd6 {[%emt 0:00:02]} 23. Rxd6 {[%emt 0:00:03]} Rxd6 {[%emt 0:00:01]} 24. Qe3 {[%emt 0:00:02]} Nxf3+ {[%emt 0:00:01]} 25. Qxf3 {[%emt 0:00:00]} Qxf3 {[%emt 0:00:01]} 26. gxf3 {[%emt 0:00:00]} b6 {[%emt 0:00:00]} 27. Rb1 {[%emt 0:00:03]} Kf8 {[%emt 0:00:01]} 28. a4 {[%emt 0:00:02]} a5 {[%emt 0:00:01]} 29. Rb5 {[%emt 0:00:02]} Ke7 {[%emt 0:00:01]} 30. Kg2 {[%emt 0:00:01]} Kd7 {[%emt 0:00:02]} 31. Kg3 {[%emt 0:00:00]} Kc6 {[%emt 0:00:01]} 32. Kg4 {[%emt 0:00:00]} Rd4 {[%emt 0:00:01]} 33. Kg5 {[%emt 0:00:02]} Rxc4 {[%emt 0:00:01]} 34. Kf6 {[%emt 0:00:02]} Rxa4 {[%emt 0:00:02]} 35. Rb3 {[%emt 0:00:00]} Rb4 {[%emt 0:00:01]} 36. Rxb4 {[%emt 0:00:02]} axb4 {[%emt 0:00:01]} 37. Kxe5 {[%emt 0:00:00]} b3 {[%emt 0:00:00]} 38. Kf6 {[%emt 0:00:00]} b2 {[%emt 0:00:01]} 39. Kxf7 {[%emt 0:00:00]} b1=Q {[%emt 0:00:00]} 40. e5 {[%emt 0:00:00]} Qf5+ {[%emt 0:00:02]} 41. Kg7 {[%emt 0:00:01]} Qxe5+ {[%emt 0:00:01]} 42. Kxh7 {[%emt 0:00:00]} Qf5 {[%emt 0:00:01]} 43. h4 {[%emt 0:00:01]} Qxf3 {[%emt 0:00:01]} 44. h5 {[%emt 0:00:00]} Qxh5+ {[%emt 0:00:01]} 45. Kg7 {[%emt 0:00:00]} Qf3 {[%emt 0:00:00]} 46. Kg8 {[%emt 0:00:03]} g5 {[%emt 0:00:01]} 47. Kg7 {[%emt 0:00:00]} g4 {[%emt 0:00:00]} 48. Kg8 {[%emt 0:00:00]} Qxf2 {[%emt 0:00:00]} 49. Kh8 {[%emt 0:00:00]} g3 {[%emt 0:00:01]} 50. Kg7 {[%emt 0:00:00]} g2 {[%emt 0:00:01]} 51. Kh7 {[%emt 0:00:00]} Qg3 {[%emt 0:00:02]} 52. Kh8 {[%emt 0:00:01]} g1=Q {[%emt 0:00:01]} 0-1

[Event "Stay Safe Play From Home 129"]
[Site "T#645801Emanuel Laske"]
[Date "2020.05.07"]
[Round "2"]
[White "PRW64MS"]
[Black "EL sanbary"]
[Result "0-1"]
[WhiteElo "1484"]
[BlackElo "1942"]
[Annotator "NA"]
[PlyCount "60"]
[EventDate "2020.05.07"]
[EventType "swiss (blitz)"]

1. e4 {[%emt 0:00:04]} c5 {[%emt 0:00:01]} 2. Nf3 {[%emt 0:00:05]} g6 {[%emt 0:00:01]} 3. c3 {[%emt 0:00:02]} Bg7 {[%emt 0:00:01]} 4. d4 {[%emt 0:00:00]} cxd4 {[%emt 0:00:00]} 5. cxd4 {[%emt 0:00:01]} d5 {[%emt 0:00:01]} 6. e5 {[%emt 0:00:01]} Nc6 {[%emt 0:00:01]} 7. Nc3 {[%emt 0:00:04]} Bg4 {[%emt 0:00:00]} 8. Be2 {[%emt 0:00:02]} e6 {[%emt 0:00:01]} 9. O-O {[%emt 0:00:01]} Nge7 {[%emt 0:00:01]} 10. h3 {[%emt 0:00:01]} Bxf3 {[%emt 0:00:01]} 11. Bxf3 {[%emt 0:00:01]} O-O {[%emt 0:00:00]} 12. Be3 {[%emt 0:00:03]} Nf5 {[%emt 0:00:01]} 13. g4 {[%emt 0:00:03]} Nxe3 {[%emt 0:00:04]} 14. fxe3 {[%emt 0:00:02]} Qe7 {[%emt 0:00:04]} 15. Be2 {[%emt 0:00:01]} f6 {[%emt 0:00:01]} 16. exf6 {[%emt 0:00:04]} Bxf6 {[%emt 0:00:01]} 17. Bb5 {[%emt 0:00:01]} Bg5 {[%emt 0:00:02]} 18. Qd3 {[%emt 0:00:03]} a6 {[%emt 0:00:06]} 19. Bxc6 {[%emt 0:00:02]} bxc6 {[%emt 0:00:01]} 20. Na4 {[%emt 0:00:01]} e5 {[%emt 0:00:03]} 21. Nc5 {[%emt 0:00:02]} exd4 {[%emt 0:00:01]} 22. exd4 {[%emt 0:00:02]} Kg7 {[%emt 0:00:05]} 23. Rae1 {[%emt 0:00:02]} Rxf1+ {[%emt 0:00:05]} 24. Qxf1 {[%emt 0:00:02]} Qf8 {[%emt 0:00:04]} 25. Ne6+ {[%emt 0:00:02]} Kg8 {[%emt 0:00:01]} 26. Nxf8 {[%emt 0:00:01]} Rxf8 {[%emt 0:00:00]} 27. Qe2 {[%emt 0:00:01]} Rf7 {[%emt 0:00:01]} 28. Qe6 {[%emt 0:00:01]} Kg7 {[%emt 0:00:01]} 29. Rf1 {[%emt 0:00:01]} Bf6 {[%emt 0:00:02]} 30. Qxc6 {[%emt 0:00:03]} Bxd4+ {[%emt 0:00:01] Zeit (Lag: Av=0.35s, max=0.8s)} 0-1

[Event "Stay Safe Play From Home 129"]
[Site "T#645801Emanuel Laske"]
[Date "2020.05.07"]
[Round "3"]
[White "Mepe_Nika"]
[Black "Lamborghini"]
[Result "1-0"]
[WhiteElo "2275"]
[BlackElo "2323"]
[Annotator "TA"]
[PlyCount "101"]
[EventDate "2020.05.07"]
[EventType "swiss (blitz)"]

{[%evp 9,100,42,66,49,41,51,378,77,94,64,62,58,185,194,479,276,273,278,310,321,330,334,332,319,330,329,346,307,306,299,306,204,301,236,298,307,396,289,342,331,416,395,761,754,882,875,1038,1036,965,997,2660,2330,2810,2484,2206,1914,4810,4802,29973,29974,29977,29978,29981,29982,29994,29990,29990,29991,29991,29991,29991,29992,29992,29993,29993,29993,29993,29992,29993,29993,29994,29995,29995,29996,29996,29997,29997,29997,29997,29998,29998,29999,29999]} 1. d4 Nf6 2. Bf4 c5 3. dxc5 Qa5+ 4. Qd2 Qxc5 5. Nc3 d5 {[#]} 6. O-O-O $146 {A45: Trompowsky Attack.} ({Predecessor:} 6. e3 Bd7 7. O-O-O e6 8. Nf3 Be7 9. Ne5 Nc6 10. Nxd7 Nxd7 11. Na4 Qa5 12. Qxa5 Nxa5 {½-½ (42) Fang,Y (2498)-Wang,Y (2439) China 2017}) 6... Nc6 7. e4 {[%cal Re4d5]} dxe4 $2 {[%mdl 8192]} (7... d4 $14 8. Nb5 e5) 8. Bb5 $2 (8. Nb5 $18 {[%cal Rb5c7] is the precise move to win.} Bd7 9. Nc7+ {[%mdl 64] Double Attack} Kd8 10. Nxa8) 8... Bg4 9. f3 exf3 10. Nxf3 Bxf3 {White now steadily converts the win.} (10... a6 $14 11. Bxc6+ bxc6) 11. gxf3 $40 {[%mdl 128] aiming for Ne4. White wants a kill.} e6 $2 (11... a6) 12. Bg5 (12. Ne4 $142 Qxb5 13. Nxf6+ Ke7 14. Bg5 Qxg5 15. Qxg5 gxf6 16. Qg3 Bh6+ 17. Kb1) 12... Be7 {[#]} 13. Bxf6 $1 ({Not} 13. Be3 Qh5 $11) 13... Bxf6 {[#]} 14. Qd7+ $1 {[%mdl 64] Double Attack} Kf8 15. Qxb7 Rb8 16. Qxc6 Qxc6 17. Bxc6 Rc8 18. Bb7 Rc7 19. Be4 g6 20. Rd3 Kg7 (20... Bg5+ $142 21. f4 Bxf4+ 22. Kb1 Kg7) 21. Rhd1 Rhc8 22. Rd7 Bxc3 23. Rxc7 Rxc7 24. bxc3 Rxc3 {[%mdl 4096] Endgame KRB-KR} 25. Rd7 h5 $2 (25... a5 26. Kd2 Rc5) 26. Rxa7 Rc5 27. a4 Kh6 28. a5 f5 29. Bd3 e5 30. a6 Ra5 31. Re7 Kg5 32. a7 Kf4 {[#]} 33. Bb5 $1 {[%mdl 512]} g5 (33... Rxb5 34. a8=Q) 34. Bc6 {White mates.} e4 35. fxe4 fxe4 36. Rxe4+ Kf3 37. a8=Q Rxa8 38. Bxa8 g4 39. Re5+ Kf4 40. Rxh5 g3 41. hxg3+ Kxg3 42. Rd5 Kf4 43. c4 Ke4 44. c5 Ke3 45. c6 Ke4 46. c7 Ke3 47. c8=Q Kf4 48. Qc4+ Ke3 49. Rd3+ Ke2 50. Qc2+ Ke1 51. Rd1# {Accuracy: White = 63%, Black = 27%.} 1-0

[Event "Stay Safe Play From Home 129"]
[Site "T#645801Emanuel Laske"]
[Date "2020.05.07"]
[Round "3"]
[White "Rohit2007"]
[Black "matanant"]
[Result "1-0"]
[WhiteElo "2252"]
[BlackElo "1629"]
[PlyCount "59"]
[EventDate "2020.05.07"]
[EventType "swiss (blitz)"]

1. e4 {[%emt 0:00:02]} e5 {[%emt 0:00:01]} 2. Nf3 {[%emt 0:00:01]} d5 {[%emt 0:00:01]} 3. exd5 {[%emt 0:00:02]} e4 {[%emt 0:00:01]} 4. Ne5 {[%emt 0:00:01]} Qxd5 {[%emt 0:00:04]} 5. d4 {[%emt 0:00:01]} exd3 {[%emt 0:00:01]} 6. Nxd3 {[%emt 0:00:01]} Nf6 {[%emt 0:00:00]} 7. Nc3 {[%emt 0:00:01]} Qd8 {[%emt 0:00:00] Rohit2007 reconnected.} 8. Be2 {[%emt 0:00:01]} Be7 {[%emt 0:00:00]} 9. O-O {[%emt 0:00:00]} O-O {[%emt 0:00:01]} 10. Be3 {[%emt 0:00:00]} Nc6 {[%emt 0:00:01]} 11. Qd2 {[%emt 0:00:00]} Be6 {[%emt 0:00:01]} 12. Rad1 {[%emt 0:00:00]} Qc8 {[%emt 0:00:01]} 13. Nf4 {[%emt 0:00:00]} Rd8 {[%emt 0:00:02]} 14. Qc1 {[%emt 0:00:02]} Bf5 {[%emt 0:00:06]} 15. Rxd8+ {[%emt 0:00:02]} Qxd8 {[%emt 0:00:03]} 16. Rd1 {[%emt 0:00:00]} Qf8 {[%emt 0:00:01]} 17. Ncd5 {[%emt 0:00:00]} Nxd5 {[%emt 0:00:07]} 18. Nxd5 {[%emt 0:00:00]} Bd6 {[%emt 0:00:00]} 19. c4 {[%emt 0:00:01]} Ne5 {[%emt 0:00:03]} 20. c5 {[%emt 0:00:01]} Be7 {[%emt 0:00:02]} 21. Nxc7 {[%emt 0:00:01]} Rc8 {[%emt 0:00:03]} 22. Nd5 {[%emt 0:00:00]} Bd8 {[%emt 0:00:03]} 23. b4 {[%emt 0:00:01]} Qe8 {[%emt 0:00:03]} 24. Bf4 {[%emt 0:00:01]} Nc6 {[%emt 0:00:03]} 25. Qe3 {[%emt 0:00:01]} Qxe3 {[%emt 0:00:03]} 26. Bxe3 {[%emt 0:00:00]} Be4 {[%emt 0:00:02]} 27. Bd3 {[%emt 0:00:00]} Bxd5 {[%emt 0:00:02]} 28. Bxh7+ {[%emt 0:00:00]} Kxh7 {[%emt 0:00:01]} 29. Rxd5 {[%emt 0:00:00]} Bf6 {[%emt 0:00:03]} 30. Rd7 {[%emt 0:00:01] Time (Lag: Av=1.44s, max=14.2s)} 1-0